000
00252nam a22001097a 4500
082
_a
954
100
_a
Study IQ
_9
81970
245
_a
Mordern Indian History
260
_a
Delhi
_b
Study IQ Publication
_c
2023
650
_a
Indian History
_9
227
942
_c
BK
999
_c
66238
_d
66238